Statistics for U.S. River Cities Skylines Quiz

Click here to take the quiz!

General Stats

  • This quiz has been taken 105 times
  • The average score is 9 of 15

Answer Stats

Answer% Correct
St. Louis
96%
Pittsburgh
91%
Cincinnati
79%
Little Rock
75%
Memphis
73%
Minneapolis
61%
Louisville
60%
Jacksonville
60%
Nashville
56%
Columbus
53%
Portland
49%
Baltimore
48%
Austin
40%
Richmond
32%
Sacramento
23%

Score Distribution

Percentile by Number Answered

Percent of People with Each Score

Your Score History

You have not taken this quiz